00683nam a2200229Ia 4500003000900000008004100009040001300050040001300063041000800076100002200084245005100106250000900157260002100166260000900187300001100196300001000207490001900217490000600236942000700242999001700249952018700266IT-RoPAU120407s9999 xx 000 0 und d aIT-RoPAU cIT-RoPAU aita aLouisa May Alcott aI ragazzi di Jo . Vers. di Laura Guicciardini. aRoma aEdizioni Paoline c1966 a193 p. c24 cm aLa 500 ep, 34 v1 cBK c28035d28035 00102ddc406808_20340000000000071aPAULUSbPAULUSd2012-04-11l0o808.2034r2012-04-11 00:00:00w2012-04-11yBKzInserito da: Anna In data: n.d. fondo: Via A.Severo 56 Progr:11327